Catálogo

LA NOVELA CORTA AMERICANA : (Registro nro. 38024)

Detalles MARC
000 -LEADER
fixed length control field 00485nam a2200169 a 4500
001 - CONTROL NUMBER
control field 38024
005 - DATE AND TIME OF LATEST TRANSACTION
control field 20180714011151.0
008 - FIXED-LENGTH DATA ELEMENTS--GENERAL INFORMATION
fixed length control field 140415s1976 000 0 spa d
041 ## - LANGUAGE CODE
Language code of text/sound track or separate title spa
082 ## - DEWEY DECIMAL CLASSIFICATION NUMBER
Classification number 813
Item number VOS
100 1# - MAIN ENTRY--PERSONAL NAME
Personal name VOSS, ARTHUR
245 13 - TITLE STATEMENT
Title LA NOVELA CORTA AMERICANA :
Remainder of title ORIGEN, DESARROLLO Y PERSPECTIVAS
260 ## - PUBLICATION, DISTRIBUTION, ETC.
Place of publication, distribution, etc. [s.l.] :
Name of publisher, distributor, etc. EDITORES ASOCIADOS,
Date of publication, distribution, etc. 1976
300 ## - PHYSICAL DESCRIPTION
Extent 300
650 14 - SUBJECT ADDED ENTRY--TOPICAL TERM
Topical term or geographic name entry element NOVELA NORTEAMERICANA
700 1# - ADDED ENTRY--PERSONAL NAME
Personal name GONZALEZ DE GALVAN, EMMA
Relator term tr.
Existencias
Withdrawn status Lost status Source of classification or shelving scheme Damaged status Not for loan Collection code Home library Current library Shelving location Date acquired Source of acquisition Inventory number Total Checkouts Full call number Barcode Date last seen Date last checked out Price effective from Koha item type
    Dewey Decimal Classification     General Biblioteca Karol Wojtyla Biblioteca Karol Wojtyla Sala general 03/12/2013 Compra 151000000000000000019015 1 813 VOS 5713 05/01/2026 23/09/2019 03/12/2013 Libro